Movies Quiz

Random Movies or Box Office Quiz

Top Grossing 'J' Movies Quiz Stats

 Plays Quiz Updated Nov 28, 2018

Challenge
Share
Tweet
Score 0/21 Timer 05:00
7 Plays Today
% Correct
Jurassic Park
99.1%
Jaws
98.9%
The Jungle Book (2016)
91.5%
The Jungle Book
91.5%
Jumanji
90.2%
Jurassic World
88.3%
Juno
87.6%
Justice League
85%
Jurassic World: Fallen Kingdom
83.4%
Jurassic Park III
82.5%
Jumanji: Welcome to the Jungle
71.8%
% Correct
Jerry Maguire
67.8%
Jason Bourne
60.9%
Journey to the Center of the Earth (2008)
58.5%
Jack Reacher
45.4%
Just Go With It
42.6%
Journey 2: The Mysterious Island
36.7%
Jumper
24.2%
John Carter
23.9%
Journey to the West (Xi you: Xiang mo pian)
2.4%
Journey to the West: The Demons Strike Back
1.2%

You're not logged in!

Compare scores with friends on all Sporcle quizzes.
OR
Log In

You Might Also Like...

Show Comments

Extras

Top Quizzes Today


Score Distribution

Your Account Isn't Verified!

In order to create a playlist on Sporcle, you need to verify the email address you used during registration. Go to your Sporcle Settings to finish the process.

Report this User

Report this user for behavior that violates our Community Guidelines.

Details: